| 000 | 00867nam a2200265 a 4500 | ||
|---|---|---|---|
| 001 | 24984 | ||
| 003 | CO-ViMGA | ||
| 008 | 141112s2004 ck r 000 u spa d | ||
| 020 | _a9789589862667 | ||
| 040 |
_aCO-ViMGA _bspa _cCO-ViMGA |
||
| 041 | _aSPA | ||
| 090 | _aA STA6 | ||
| 100 | 1 |
_aStamp, Jorgen _937805 |
|
| 245 | 1 | 0 |
_aQué pasaría si... / _cJorgen Stamp ; ilustraciones Anne Misfeldt ; traducción Ana Gil |
| 260 |
_aBogotá : _bUnaluna, _c2012 |
||
| 300 | _a14 p. : il. col. : il. | ||
| 500 | _aTítulo original : Hvad un hvis | ||
| 650 | 1 | 4 |
_aANIMALES - HABITOS Y CONDUCTA - LIBROS DE IMAGENES _937806 |
| 650 | 1 | 4 |
_aANIMALES - LIBROS DE IMAGENES _937807 |
| 650 | 1 | 4 |
_aDESDE LOS 3 AÑOS _937808 |
| 650 | 1 | 4 |
_aPARTES DEL CUERPO - LIBROS DE IMAGENES _937809 |
| 700 | 1 |
_aGil García, Ana _937810 |
|
| 700 | 1 |
_aMisfeldt, Anne _937811 |
|
| 942 |
_2ddc _cBK |
||
| 999 |
_c2551 _d2551 |
||